| 000 | 00609nam a2200205Ii 4500 | ||
|---|---|---|---|
| 003 | JO-AjNU | ||
| 008 | 230605s9999||||xx |||||||||||||| ||und|| | ||
| 040 |
_aJO-AjNU _bara _erda _cJO-AjNU |
||
| 041 | _aara | ||
| 050 | 1 | 4 | _aPJ7862 2012 |
| 100 | 3 |
_aتأليف أبو شاور،أحمد محمد, _eauthor _950231 |
|
| 245 | 0 | 0 | _aعاشقة البن الأخضر |
| 250 | _aط1 | ||
| 264 | 3 | 1 | _aلندن:دار رواية،2012 |
| 300 | _a107ص | ||
| 336 |
_atext _btxt _2rdacontent |
||
| 337 |
_aunmediated _bn _2rdamedia |
||
| 338 |
_avolume _bnc _2rdacarrier |
||
| 650 | 4 |
_aالأدب العربي _950232 |
|
| 999 |
_aA22114 _c25682 _d25682 |
||